[Event "Leipzig VfB op 10th"]
[Site "Leipzig"]
[Date "2003.03.14"]
[Round "6"]
[White "Huelsz, Rainer"]
[Black "Kreis, Falco"]
[Result "1/2-1/2"]
[WhiteElo "1600"]
[BlackElo "1420"]
[PlyCount "64"]
[EventDate "2003.03.11"]
[EventType "swiss"]
[EventRounds "9"]
[EventCountry "GER"]
[SourceTitle "EXT 2008"]
[Source "ChessBase"]
[SourceDate "2007.11.25"]
[SourceVersion "1"]
[SourceVersionDate "2007.11.25"]
[SourceQuality "1"]

1. g3 Nf6 2. Bg2 d5 3. e3 e6 4. Ne2 Bd6 5. d4 0-0 6. 0-0 c5 7. c3 Nc6 8. Nd2 Bd7 9. a3 cxd4 10. cxd4 Rc8 11. b4 Qe7 12. Bb2 Rc7 13. Rc1 Rfc8 14. Nb3 Nb8 15. Qd2 b6 16. Rxc7 Rxc7 17. Rc1 Ba4 18. Rxc7 Qxc7 19. Nbc1 Qc2 20. Qxc2 Bxc2 21. Nc3 a6 22. f3 Nc6 23. Bf1 a5 24. b5 Ne7 25. Bd3 Bxd3 26. Nxd3 Nf5 27. Kf2 Bc7 28. a4 Nd6 29. Ne5 Nfe8 30. Ba3 f6 31. Bxd6 Nxd6 32. Nc6 Nc4 1/2-1/2

[Event "Leipzig VfB op 10th"]
[Site "Leipzig"]
[Date "2003.03.12"]
[Round "2"]
[White "Krenz, Sarah"]
[Black "Kreis, Falco"]
[Result "1/2-1/2"]
[WhiteElo "1680"]
[BlackElo "1420"]
[PlyCount "116"]
[EventDate "2003.03.11"]
[EventType "swiss"]
[EventRounds "9"]
[EventCountry "GER"]
[SourceTitle "EXT 2008"]
[Source "ChessBase"]
[SourceDate "2007.11.25"]
[SourceVersion "1"]
[SourceVersionDate "2007.11.25"]
[SourceQuality "1"]

1. d4 Nf6 2. c4 e6 3. Nf3 d5 4. g3 c5 5. Bg2 Nc6 6. cxd5 Nxd5 7. 0-0 Be7 8. e3 0-0 9. dxc5 Bxc5 10. Qc2 Be7 11. Re1 Qc7 12. Bd2 Bd7 13. Nc3 Ncb4 14. Qb3 Rac8 15. Rac1 Qb8 16. Nxd5 Nxd5 17. Nd4 Nb6 18. Qd3 Rfd8 19. Qe2 Rxc1 20. Rxc1 Rc8 21. Rd1 e5 22. Nf3 Bg4 23. h3 Bh5 24. g4 Bg6 25. Bc3 f6 26. Nh4 Bf7 27. Nf5 Bc5 28. Qf3 Bxa2 29. Qxb7 Qxb7 30. Bxb7 Rc7 31. Bg2 Rd7 32. Rc1 Bb3 33. Bxe5 Bxe3 34. Nxe3 fxe5 35. Rc3 Bf7 36. Rc5 Rd2 37. Ra5 Rxb2 38. Rxa7 g6 39. Ra5 Rb1+ 40. Kh2 Rb2 41. Kg3 Nd7 42. Bc6 Rd2 43. Bxd7 Rxd7 44. Rxe5 Kg7 45. f4 h6 46. g5 hxg5 47. fxg5 Rd4 48. h4 Ra4 49. Ng4 Kf8 50. Nf6 Rd4 51. Re4 Rd1 52. Kf4 Rf1+ 53. Ke5 Rd1 54. Rd4 Rxd4 55. Kxd4 Ke7 56. Ke5 Bc4 57. Nd5+ Kf7 58. Nf4 Bb3 1/2-1/2